000 00547nam a2200217Ia 4500
003 OSt
005 20221005124049.0
006 a|||||r|||| 00| 0
007 ta
008 221004b |||||||| |||| 00| 0 urd d
024 _a117416
037 _cTextual
040 _aCRL
_cCRL
_burd
041 _2urd
_aurd
082 _aO168,1L38,11:g, K6
100 _aKhan Rashid Hasan
245 0 _aMasnavi sehrul bayan
260 _c1966
942 _hO168,1L38,11:g, K6
_cTEXL
_2cc
999 _c1049356
_d1049356